Rubber research and training centre at Hahara, kamrup, Assam: A birds eye view (Record no. 67953)

MARC details
000 -LEADER
fixed length control field 00410nam a2200145Ia 4500
100 ## - MAIN ENTRY--AUTHOR NAME
Personal name Choudhury M
245 #0 - TITLE STATEMENT
Title Rubber research and training centre at Hahara, kamrup, Assam: A birds eye view
260 ## - PUBLICATION, DISTRIBUTION, ETC. (IMPRINT)
Name of publisher Rubber Board Bulletin
Year of publication 2008
300 ## - PHYSICAL DESCRIPTION
Number of Pages 14-Oct
650 ## - SUBJECT ADDED ENTRY--TOPICAL TERM
Topical Term Assam
650 ## - SUBJECT ADDED ENTRY--TOPICAL TERM
Topical Term Rubber research
700 ## - ADDED ENTRY--PERSONAL NAME
Personal name Goswami Pranab Chandra
942 ## - ADDED ENTRY ELEMENTS (KOHA)
Koha item type Journals
Holdings
Withdrawn status Lost status Damaged status Not for loan Home library Current library Shelving location Date acquired Serial Enumeration / chronology Koha item type
      Journals RRII Library RRII Library Rubber general 22/12/2008 Volume 29, Issue 1 Journals